| 000 | 00634nam a22002057a 4500 | ||
|---|---|---|---|
| 003 | OSt | ||
| 005 | 20250728161412.0 | ||
| 008 | 250526b ||| |||| |||| 00| 0 spa d | ||
| 020 | _a9589500838 | ||
| 037 | _bDonación | ||
| 040 |
_aCO-JMCR _cCO-JMCR _bspa _dCO-JMCR _erda |
||
| 041 | 0 | _aspa | |
| 082 | 0 | 4 |
_a711.4 _bC97u _223 |
| 100 | 1 |
_aCurrie, Lauchlin, _d1902-1993. _eautor _944147 |
|
| 245 | 1 | 0 |
_aUrbanización y desarrollo : _bun diseño para el crecimiento metropolitano / _cLauchlin Currie. |
| 260 |
_aBogotá : _bCAMACOL, _c1988. |
||
| 300 |
_a249 páginas ; _c21 cm. |
||
| 504 | _aIncluye bibliografías. | ||
| 942 |
_2ddc _cBK |
||
| 999 |
_c30991 _d17375 |
||